00380 2200145 4500001002100000005001500021035002000036245008000056100002300136300001200159260002900171082000800200084001400208990001200222INLIS00000000000233320250528100414 a0010-05250006251 a5 Prinsip Untuk Mengubah Hal Biasa Menjadi Luar Biasa /cJoseph A. Michelli0 aJoseph A. Michelli a232 hlm aJakarta :bEsensi,c2006 a813 a813 JOS l a0712615